Managing on the edge : How the smartest companies use conflict to stay ahead

Guardado en:
Detalles Bibliográficos
Autor principal: Pascale, Richard Tanner
Formato: Libro
Lenguaje:Undetermined
Publicado: New York A Touchstone Books 1990
Materias:
Etiquetas: Agregar Etiqueta
Sin Etiquetas, Sea el primero en etiquetar este registro!
Thư viện lưu trữ: Trung tâm Học liệu Trường Đại học Cần Thơ
LEADER 00609nam a2200193Ia 4500
001 CTU_98516
008 210402s9999 xx 000 0 und d
082 |a 658.4 
082 |b P278 
100 |a Pascale, Richard Tanner 
245 0 |a Managing on the edge : 
245 0 |b How the smartest companies use conflict to stay ahead 
245 0 |c Richard Tanner Pascale 
260 |a New York 
260 |b A Touchstone Books 
260 |c 1990 
650 |a Organizational change,Organizational effectiveness,Conflict management 
904 |i Tuyến 
980 |a Trung tâm Học liệu Trường Đại học Cần Thơ